| 000 | 00634cam a2200229 4500 | ||
|---|---|---|---|
| 001 | 5948 | ||
| 010 | _a9724305201 | ||
| 021 | _b168271/01 | ||
| 090 | _a5948 | ||
| 100 | _a20211231d2002 cd|y0pory5003 ba | ||
| 200 | 1 |
_aKipper e o monstro _fMick Inkpen _gtrad. Inês Ramalhete |
|
| 210 | 9 |
_aPorto _cAmbar _d2002 |
|
| 215 |
_a[26] p. _cil. _d24 cm |
||
| 606 |
_914 _aLiteratura infantil |
||
| 606 |
_913 _aLiteratura Estrangeira |
||
| 675 |
_a82-93 _vBN _zpor |
||
| 675 |
_a821.1/.8 _vBN _zpor |
||
| 700 |
_aInkpen _bMick _f1952- _95633 |
||
| 702 |
_aRamalhete _bInês _94470 |
||
| 801 |
_aPT _bBMVN _gRPC |
||
| 830 |
_cAna Caetano _d31/12/2021 |
||
| 990 | _cLIVROS | ||